000 00262nam a2200109Ia 4500
008 190914s9999||||xx |||||||||||||| ||und||
100 _aDoctor Mubarak Ali
245 0 _aAchoot Logoun Ka Adab
260 _aLahore
_bFiction House
_c2009
300 _a138
942 _cBK
999 _c8705
_d8705